01227cam a22002771 450000100060000000300080000600500170001400800390003103500190007003500180008904000300010704100110013708200200014810000560016824501350022426000510035930000690041050001700047950000200064950400530066965100190072270000380074194200120077999900170079195201410080810953BD-RjUL20211208235038.0140125s1935 xx 001 0 eng a(BD-RjUL)11002 a(OCoLC)600086 aDLCcOWibfUdBD-RjULbeng1 aengund00a916.6bGAS 19351 aGautier, E. F.q(Emile Félix),d1864-1940.93385310aSahara :bthe great desert /cby E.-F. Gautier. Authorized translation by Dorothy Ford Mayhew, with a foreword by Douglas Johnson. aNew York :bColumbia University Press,cc1935. axvii, 264 p. :bfront., illus., plates, maps (1 fold.) ;c25 cm. a"Translated from the second French edition of E.-F. Gauthier's Le Sahara (Paris, Payot, 1928) and from hitherto unpublished material supplied by the author": p. [iv] aIncludes index. aBibliography at the end of most of the chapters. 0aSahara.9338541 aMayhew, Dorothy Ford,etr.933855 2ddccBK c10953d10953 00102ddc40718NFICaRUCLbRUCLcReadingd1955-11-12eW.B.C. DACCAg26.00l0o916.6 GAS 1935r2014-01-25 00:00:00tC-1w2014-01-25yBK